000 01004nam a2200277 a 4500
001 33862
003 BD-RjUL
005 20211209052054.0
008 140512t1946 enk b 001 0 eng d
035 _a(BD-RjUL)33954
040 _aWIT
_cWIT
_dOCL
_dEQO
_beng
041 _aeng
082 0 4 _a305.2350943
_bBEG 1946
090 _aHQ799.G5
_bB38
100 1 _aBecker, Howard Paul,
_d1899-1960.
_9102423
245 1 0 _aGerman youth :
_bbond or free /
_cby Howard Becker.
260 _aLondon :
_bK.Paul, Trench, Trubner,
_cc1946.
300 _a286 p. :
_bill. ;
_c23 cm.
490 1 _aInternational library of sociology and social reconstruction (Routledge & Kegan Paul)
500 _a"First published 1946".
504 _aIncludes bibliographical reference and index.
650 0 7 _aYouth movements
_zGermany.
_915386
650 0 _aReconstruction (1939-1951)
_zGermany.
_977358
830 1 0 _aInternational library of sociology and social reconstruction (Routledge & Kegan Paul)
_9103167
942 _2ddc
_cBK
999 _c33862
_d33862